მათემატიკა, ნაწილი II გეომეტრია (თეორია და ამოცანები) / Mathematics, Part II Geometry (Theory and Exercises) (Record no. 1686)

000 -LEADER
fixed length control field 01056nam a22002417a 4500
003 - CONTROL NUMBER IDENTIFIER
control field OSt
005 - DATE AND TIME OF LATEST TRANSACTION
control field 20211027073921.0
008 - FIXED-LENGTH DATA ELEMENTS--GENERAL INFORMATION
fixed length control field 210224s1987 ||||| |||| 00| 0 geo d
040 ## - CATALOGING SOURCE
Original cataloging agency eng
Language of cataloging eng
Transcribing agency DLC
041 ## - LANGUAGE CODE
Language code of text/sound track or separate title geo
080 ## - UNIVERSAL DECIMAL CLASSIFICATION NUMBER
Universal Decimal Classification number 51
Item number მ-15
245 ## - TITLE STATEMENT
Title მათემატიკა, ნაწილი II გეომეტრია (თეორია და ამოცანები) / Mathematics, Part II Geometry (Theory and Exercises)
Statement of responsibility, etc. / by: განათლება / Ganatleba
260 ## - PUBLICATION, DISTRIBUTION, ETC.
Place of publication, distribution, etc. თბილისი / Tbilisi
Name of publisher, distributor, etc. განათლება / Ganatleba
Date of publication, distribution, etc. 1987
300 ## - PHYSICAL DESCRIPTION
Extent 487 p.
Other physical details ill.
650 #0 - SUBJECT ADDED ENTRY--TOPICAL TERM
9 (RLIN) 427
Topical term or geographic name entry element mathematics
653 ## - INDEX TERM--UNCONTROLLED
Uncontrolled term მათემატიკა
700 ## - ADDED ENTRY--PERSONAL NAME
9 (RLIN) 1095
Personal name თოფურია, ს / Topuria, S.
700 ## - ADDED ENTRY--PERSONAL NAME
9 (RLIN) 1096
Personal name აბესაძე, გ / Abesadze, G.
700 ## - ADDED ENTRY--PERSONAL NAME
9 (RLIN) 1097
Personal name ოზბეგაშვილი, გ / Ozbegashvili, G
700 ## - ADDED ENTRY--PERSONAL NAME
9 (RLIN) 1098
Personal name ხოჭოლავა, ვ / Khocholava, V
700 ## - ADDED ENTRY--PERSONAL NAME
9 (RLIN) 1099
Personal name მეტრეველი, ზ / Metreveli, Z
942 ## - ADDED ENTRY ELEMENTS (KOHA)
Source of classification or shelving scheme
Koha item type Books
Holdings
Withdrawn status Lost status Source of classification or shelving scheme Damaged status Not for loan Permanent location Current location Date acquired Inventory number Total Checkouts Full call number Barcode Date last seen Price effective from Koha item type
          Ken Walker International University Ken Walker International University 02/24/2021 1413   51 მ-15 1413 02/24/2021 02/24/2021 Books

Powered by Koha